1856 1903 1667 1842 1100 1563 1423 1512 1167 1754 1186 1937 1653 1106 1500 1702 1413 1910 1238 1318 1862 1922 1457 1599 1391 1570 1156 1393 1874 1230 1457 1729 1536 1951 1390 1112 1150 1535 1467 1231 1486 1435 1307 1452 1328 1554 1615 1655 1921 1925 1875 1562 1070 1631 1231 1396 1664 1360 1661 1152 1496 1774 1989 1261 1033 1220 1223 1933 1880 1832 1426 1828 1059 1060 1000 1709 1919 1607 1911 1818 1054 1853 1821 1572 1348 1811 1632 1864 1827 1413 1137 1323 1604 1964 1798 1458 1819 1130 1095 BCNSPRNW ULIB Ver.6.0+V

เปลี่ยนเป็นภาษาไทย

Change to English
 แสดงรายละเอียดบรรณานุกรม
  กลับหน้าหลัก

Brief Record : Get Marc (ISO 2709) : E-mail record : QR code < ปิดหน้าต่าง
LEADER : 00000nam 2200000uu 4500
001    13399113448
003     ULIB
008    110616s2551||||th 000 0 tha d
020    9740665427
090    นว.^bK111ค 2551
100 1  Kang Joo Hyun
245 10 เคล็ดลับพัฒนาตนเองจากเกาหลี : ไม่ยากถ้าอยากฉลาดพูด /^cKang Joo Hyun
250    พิมพ์ครั้งที่ 1
260    กรุงเทพฯ :^bนานมีบุ๊คส์,^c2551
300    98 หน้า
710 2  นานมีบุ๊คส์
945    ^p155^l0^i024658
995    ทศพร
999 ^a ใช้งานได้ทุกระบบ
รายการนี้ยังไม่มีแท็ก
คุณยังไม่ได้ล็อกอิน คุณสามารถมีกิจกรรมร่วมกับเว็บไซต์ได้ แต่ต้องล็อกอินก่อน ::
  ล็อกอิน

รายการสื่อสารสนเทศ

ลำดับที่ ประเภท เลขเรียก/บาร์โค้ด สถานที่ สถานะ
1. นวนิยาย
นวนิยาย
นว. K111ค 2551 ฉ.1 
  Barcode: 024658
ห้องสมุดวิทยาเขตสวรรค์ประชารักษ์
►นวนิยาย
บนชั้น
  ขอยืม

BibComment


ยังไม่เคยถูกคอมเมนท์

คอมเมนท์ทรัพยากรรายการนี้
  คอมเมนท์: เคล็ดลับพัฒนาตนเอ..


 Copyright 2026. Bcnsprnw @Library